Normal view
MARC view
- AMIS,MARTIN
Entry Personal Name
001 - CONTROL NUMBER
- control field: 133428
003 - CONTROL NUMBER IDENTIFIER
- control field: NUST
005 - DATE AND TIME OF LATEST TRANSACTION
- control field: 20260224121128.0
008 - FIXED-LENGTH DATA ELEMENTS
- fixed length control field: 260224|| aca||aabn | a|a d
040 ## - CATALOGING SOURCE
- Original cataloging agency: NUST
- Transcribing agency: NUST
100 ## - HEADING--PERSONAL NAME
- Personal name: AMIS,MARTIN
670 ## - SOURCE DATA FOUND
- Source citation: Work cat.: (NUST): AMIS,MARTIN., THE SECOND PLANE SEPTEMBER 11;TERROR AND BOREDOM /, 2008.
